000 00617 a2200217 4500
001 110179
020 _a9780763680893
041 _aeng
082 _aP Year 5 [Fic]
100 _aDiCamillo, Kate.
300 _a267 p.
697 _aMice - Fiction.
697 _aPrincesses - Fiction.
697 _aFairy tales.
856 _u000018/000018d2.jpg
040 _aBR-BrIDEA
_cBR-BrIDEA
090 _aP Year 5 [Fic]
_bDIC
245 1 0 _aThe tale of Despereaux
_bbeing the story of a mouse, a princess, some soup, and a spool of thread
_c Kate DiCamillo
260 _a[s.l.]
_bCandlewick Press
_c2015
942 _cBK
999 _c110179
_d110179